Google Maps Cities - Austria - Statistics

General Stats
  • This quiz has been taken 62 times
  • The average score is 8 of 10
Answer Stats
City % Correct
Innsbruck
100%
Vienna
100%
Graz
98%
Linz
98%
Salzburg
98%
Klagenfurt am Worthersee
83%
Villach
69%
St Polten
67%
Wiener Neustadt
50%
Wels
48%
No matching quizzes found
Score Distribution
Percent of People with Each Score
Percentile by Number Answered
Your Score History
You have not taken this quiz